Statystyki dla W jakich państwach jest najwięcej firm wytwarzających wyroby rybne?

Kliknij tutaj aby rozwiązać quiz!

Ogólne statystyki

  • Ten quiz został rozwiązany 63 razy
  • Średni wynik to 9 z 10

Statystyki odpowiedzi

Odpowiedź% Poprawnych
Francja - 368
97%
Włochy - 402
97%
Hiszpania - 588
95%
Polska - 304
91%
Portugalia - 162
88%
Niemcy - 198
86%
Szwecja - 214
84%
Wielka Brytania - 309
81%
Finlandia - 141
74%
Holandia - 150
66%

Rozkład punktacji

Percentyl według liczby udzielonych odpowiedzi

Procent ludzi z każdym wynikiem

Twoja historia wyników

Nie rozwiązałeś tego quizu